• 首页
  • 本馆介绍
  • 公告通知
  • 最新文献
  • 馆藏检索
  • 电子资源
  • 读者导购
  • 参考咨询
  • 我的图书馆
  • 登录
  • 详细信息显示
  • 放入我的书架
  • 预约/预借图书
  • 作者相关作品
  • 分类相关作品
  • 丛书相关作品
  • 出版社相关作品

书目信息

  • 表格格式
  • 工作单格式
  • 卡片格式
题名:
教育财务理论和实践研究
    
 
作者: 张爱民, 著
分册:  
出版信息: 广州   世界图书出版广东有限公司  2014
页数: 260页
开本: 24cm
丛书名:
单 册:
中图分类: G475-53
科图分类:
主题词: 教育经费--jiao yu jing fei--财务管理--文集
电子资源:
ISBN: 978-7-5100-7307-6
000 00987nam0 2200253 450
001 012001002416
005 20131028161559.0
010    @a978-7-5100-7307-6@dCNY50.00
099    @aCAL 012014048513
100    @a20140422d2014 em y0chiy50 ea
101 0  @achi
102    @aCN@b440000
105    @aa z 000yy
106    @ar
200 1  @a教育财务理论和实践研究@Ajiao yu cai wu li lun he shi jian yan jiu@d= Studies financial theory and practice in education@f张爱民著@zeng
210    @a广州@c世界图书出版广东有限公司@d2014
215    @a260页@c图@d24cm
330    @a本书共分为六部分,主要内容包括:教育投资体制改革研究;教育会计制度建设问题研究;普教系统国库集中支付问题研究;日本大学财务和会计制度研究等。
510 1  @aStudies financial theory and practice in education@zeng
606 0  @a教育经费@Ajiao yu jing fei@x财务管理@j文集
690    @aG475-53@v5
701  0 @a张爱民,@Azhang ai min@f1965-@4著
801  2 @aCN@b江苏凤凰@c20191020
905    @b1228944-7@dG475-53@e189@f4
    
    教育财务理论和实践研究= Studies financial theory and practice in education/张爱民著.-广州:世界图书出版广东有限公司,2014
    260页:图;24cm
    
    
    ISBN 978-7-5100-7307-6:CNY50.00
    本书共分为六部分,主要内容包括:教育投资体制改革研究;教育会计制度建设问题研究;普教系统国库集中支付问题研究;日本大学财务和会计制度研究等。
●
相关链接 在E读中查询图书 在五车中查询图书 在当当中查询图书 在豆瓣中查询图书


正题名:教育财务理论和实践研究     索取号:G475-53/189         预约/预借

序号 登录号 条形码 馆藏地/架位号 状态 备注
1 1228944   212289441   第一样本阅览室/ [索取号:G475-53/189] 在馆    
2 1228945   212289450   教育系资料室/ [索取号:G475-53/189] 在馆    
3 1228946   212289469   教育系资料室/ [索取号:G475-53/189] 在馆    
4 1228947   212289478   第四借阅区/ [索取号:G475-53/189] 在馆    
唐山师范学院图书馆 欢迎您!
大连网信软件有限公司© 版权所有